000 00495nam a2200205 4500
001 sa 68017176
003 DLC
005 20260227112700.0
008 701201s1968 ii 00000 eng
010 _asa 68017176
025 _aPL480:I-E-10514
050 0 _aTS198.3.P5
_bI55
082 _a621.7
110 2 0 _aIndian Institute of Packaging.
245 1 _aPolyethylene in packaging.
260 0 _aBombay
_c[1968]
300 _a95 p.
_c23 cm.
350 _a5.00
650 0 _aPolyethylene.
999 _c87562
_d87562